Top 20 Most Famous French Words - Statistics

General Stats
  • This quiz has been taken 1,050 times
  • The average score is 13 of 20
Answer Stats
% Word % Correct
91 à
88%
79 je
81%
84 la, là, le, l', les
77%
78 vous
77%
74 tu
76%
71 il, ils
74%
69 nous
70%
74 ou, où
69%
66 elle, elles
68%
78 mon, ma, mes
66%
75 de
64%
67 et
63%
70 un, une, des
58%
55 non
54%
67 son, sa, ses
54%
58 bon
52%
65 me
52%
54 oui
50%
69 être
41%
56 ce, cet, cette, ces
37%
No matching quizzes found
Score Distribution
Percent of People with Each Score
Percentile by Number Answered
Your Score History
You have not taken this quiz